<?xml version="1.0" encoding="UTF-8"?><?xml-stylesheet type="text/xsl" href="static/style.xsl"?><OAI-PMH xmlns="http://www.openarchives.org/OAI/2.0/" xmlns:xsi="http://www.w3.org/2001/XMLSchema-instance" xsi:schemaLocation="http://www.openarchives.org/OAI/2.0/ http://www.openarchives.org/OAI/2.0/OAI-PMH.xsd"><responseDate>2026-06-01T01:23:28Z</responseDate><request verb="GetRecord" identifier="oai:riuma.uma.es:10630/15681" metadataPrefix="marc">https://riuma.uma.es/rest/oai/request</request><GetRecord><record><header><identifier>oai:riuma.uma.es:10630/15681</identifier><datestamp>2026-02-03T12:43:42Z</datestamp><setSpec>com_10630_2254</setSpec><setSpec>col_10630_37957</setSpec></header><metadata><record xmlns="http://www.loc.gov/MARC21/slim" xmlns:dcterms="http://purl.org/dc/terms/" xmlns:doc="http://www.lyncode.com/xoai" xmlns:xsi="http://www.w3.org/2001/XMLSchema-instance" xsi:schemaLocation="http://www.loc.gov/MARC21/slim http://www.loc.gov/standards/marcxml/schema/MARC21slim.xsd">
   <leader>00925njm 22002777a 4500</leader>
   <datafield ind2=" " ind1=" " tag="042">
      <subfield code="a">dc</subfield>
   </datafield>
   <datafield ind2=" " ind1=" " tag="720">
      <subfield code="a">Cordón Flores, Álvaro</subfield>
      <subfield code="e">author</subfield>
   </datafield>
   <datafield ind2=" " ind1=" " tag="260">
      <subfield code="c">2017-09-27</subfield>
   </datafield>
   <datafield ind2=" " ind1=" " tag="520">
      <subfield code="a">El trabajo que presentamos se circunscribe, en líneas generales, al ámbito lexicográfico,&#xd;
atendiendo a un objetivo básico: la estructuración de un sistema clasificatorio de las&#xd;
palabras que permitiera conjuntar, a un mismo tiempo, distintas características propias&#xd;
de ellas. Teníamos como finalidad, que creemos cumplida, el conformar un corpus&#xd;
léxico que conjuntara el carácter didáctico con el aplicativo.&#xd;
En esta clasificación, las terminaciones incluyen desde la vocal tónica hasta final&#xd;
de palabra, aunando aspectos morfológicos, fonológicos y léxicos. Es un sistema&#xd;
universalizado que permite incluir cualquier palabra, sea esta de uso actual, arcaísmo,&#xd;
neologismo, vulgarismo, extranjerismo, o de cualquier otra índole o procedencia.&#xd;
Sus terminaciones están conformadas por estructuras vocálicas que son las que&#xd;
hacen posible que el sistema clasificatorio sea coherente, lógico, universalizado y fácil&#xd;
de consultar.</subfield>
   </datafield>
   <datafield ind1="8" ind2=" " tag="024">
      <subfield code="a">https://hdl.handle.net/10630/15681</subfield>
   </datafield>
   <datafield tag="653" ind2=" " ind1=" ">
      <subfield code="a">Lexicografía - Tesis doctorales</subfield>
   </datafield>
   <datafield ind2="0" ind1="0" tag="245">
      <subfield code="a">Clasificación de las palabras por terminaciones y coincidencias fónicas, gramaticales y lexicosemánticas. Creación de un inventario y posibilidades didácticas.</subfield>
   </datafield>
</record>
</metadata></record></GetRecord></OAI-PMH>